000 00421nam a22001817a 4500
003 MPLRDC
005 20220104114733.0
008 210129b ||||| |||| 00| 0 eng d
082 _a220.7 FLY
100 _a郑福执笔;林艾霖整理
245 _a死囚日记
_c
250 _a第一版
260 _a
_b法露缘
_c1996
300 _b
490 _a法露缘丛书;3
650 _a
942 _cBK
_o220.7 FLY
999 _c9835
_d9825